|
|
|
|
| LEADER |
00000nam0a2200000 4500 |
| 001 |
300796 |
| 005 |
20231102001334.0 |
| 020 |
|
|
|a RU
|b 81-72210
|
| 035 |
|
|
|a (RuTPU)RU\TPU\book\325949
|
| 090 |
|
|
|a 300796
|
| 100 |
|
|
|a 20150716d1981 k y0rusy5003 ca
|
| 101 |
0 |
|
|a rus
|
| 102 |
|
|
|a RU
|
| 105 |
|
|
|a a z 001zy
|
| 200 |
1 |
|
|a Работы по механике деформируемого твердого тела
|e сборник научных трудов
|f Тульский политехнический институт (ТулПИ, ТПИ) ; под ред. Л. А. Толоконникова
|
| 210 |
|
|
|a Тула
|c Изд-во ТПИ
|d 1981
|
| 215 |
|
|
|a 188 с.
|c ил.
|
| 320 |
|
|
|a Библиография в конце статей
|
| 606 |
1 |
|
|a Твердые тела, деформируемые
|2 stltpush
|3 (RuTPU)RU\TPU\subj\58720
|9 76476
|
| 610 |
1 |
|
|a механика
|
| 610 |
1 |
|
|a деформация
|
| 610 |
1 |
|
|a расчеты
|
| 610 |
1 |
|
|a методы
|
| 610 |
1 |
|
|a упругие твердые тела
|
| 610 |
1 |
|
|a неупругие тела
|
| 610 |
1 |
|
|a устойчивость
|
| 610 |
1 |
|
|a пластичность
|
| 610 |
1 |
|
|a термоупругость
|
| 610 |
1 |
|
|a вязкоупругие тела
|
| 675 |
|
|
|a 539.37
|z rus
|v 3
|
| 702 |
|
1 |
|a Толоконников
|b Л. А.
|g Леонид Александрович
|4 340
|
| 712 |
0 |
2 |
|a Тульский политехнический институт (ТулПИ, ТПИ)
|c (1963-1992)
|2 stltpush
|3 (RuTPU)RU\TPU\col\284
|
| 801 |
|
0 |
|a RU
|b RuMRKP
|c 19950704
|g psbo
|
| 801 |
|
1 |
|a RU
|b 63413507
|c 20150716
|
| 801 |
|
2 |
|a RU
|b 63413507
|c 20160725
|g RCR
|
| 942 |
|
|
|c BK
|